|
|
|
|
| LEADER |
00000nab a2200000 a 4500 |
| 001 |
vtls000020819 |
| 003 |
SK-MaSNL |
| 005 |
20260305023335.0 |
| 008 |
250423c1979 xo 0 slo |
| 015 |
|
|
|a SNBRB19rr/mm-uuuuu
|
| 035 |
|
|
|a CL0030913
|
| 035 |
|
|
|a urn:nbn:sk:snk-abjr
|
| 035 |
|
|
|a (urnnbn)urn:nbn:sk:snk:ar-a04y7t
|
| 035 |
|
|
|a (uuid)daf7b111-042f-4883-bac0-99511fba235a
|
| 040 |
|
|
|a SNKBUCL
|b slo
|c SNKBUCL
|e AACR2
|
| 041 |
0 |
|
|a slo
|
| 044 |
|
|
|a xo
|c SK
|
| 080 |
|
|
|a 82.07:885.4-1
|2 1981
|
| 080 |
|
|
|a 885.4-1
|2 1981
|
| 080 |
|
|
|a 885.4.07
|2 1981
|
| 100 |
1 |
|
|a Hujík, Viktor,
|d 1940-2006
|4 aut
|9 264739
|
| 245 |
1 |
0 |
|a Rýmové echo v súčasnej slovenskej poézii
|c Viktor Hujík
|
| 650 |
0 |
7 |
|a literárna výchova
|2 snkbucl
|9 1653
|
| 650 |
0 |
7 |
|a slovenská poézia
|2 snkbucl
|9 215422
|
| 650 |
0 |
7 |
|a rým
|2 snkbucl
|9 51561
|
| 655 |
|
7 |
|a články z novín a časopisov
|2 snkbucl
|9 267496
|
| 655 |
|
7 |
|a články z odboru literárna veda a krásna literatúra
|2 snkbucl
|9 770045
|
| 773 |
0 |
|
|t Slovenský jazyk a literatúra v škole
|g Roč. 25, č. 5 (1978/1979), s. 150-151
|
| 850 |
|
|
|a Slovenská národná knižnica
|
| 852 |
|
|
|a Slovenská národná knižnica
|
| 954 |
|
|
|a odborná, vedecká literatúra pôvodná (slovenská)
|2 lita
|
| 958 |
|
|
|a article27
|
| 958 |
|
|
|a RK
|
| 958 |
|
|
|a LX
|
| 958 |
|
|
|a SK
|
| 958 |
|
|
|a OND
|
| 958 |
|
|
|a EUIPO
|
| 992 |
|
|
|a RBX
|
| 999 |
|
|
|c 3296048
|d 3297978
|